00475nam a22001337a 4500003000500000038001800005082000800023100001600031245012000047264003300167650004700200700003700247856005700284NUST aNusrat Nadeem a200 aISLAM TUBA  aThe Impact of Reverse Logistics Process Coordination on Supply Chain Competitiveness: A Mediated Model/cTUBA ISLAM aIslamabad:bNBS NUST.c2025. aMS-Operations and Supply Chain Management  aSupervisor: Dr. Muhammad Moazzam uhttp://10.250.8.41:8080/xmlui/handle/123456789/55365